[Event "Bratislava Slovan op"]
[Site "Bratislava"]
[Date "2013.05.01"]
[Round "6"]
[White "Illovsky, Michal"]
[Black "Rybajlak, Igor"]
[Result "0-1"]
[WhiteElo "1658"]
[BlackElo "1898"]
[PlyCount "80"]
[EventDate "2013.04.27"]
[EventType "swiss"]
[EventRounds "9"]
[EventCountry "SVK"]
[SourceTitle "EXT 2023"]
[Source "ChessBase"]
[SourceDate "2022.10.05"]
[SourceVersion "1"]
[SourceVersionDate "2022.10.05"]
[SourceQuality "1"]

1. d4 Nf6 2. c4 c5 3. d5 e6 4. Nc3 exd5 5. cxd5 d6 6. e4 g6 7. Nf3 Bg7 8. Be2 0-0 9. Nd2 a6 10. a4 b6 11. Nc4 Re8 12. Qc2 Ra7 13. 0-0 Ng4 14. Bxg4 Bxg4 15. Bf4 Bf8 16. Rfe1 f6 17. Qd3 Bc8 18. Qg3 Rd7 19. Rad1 Bb7 20. h4 Kh8 21. Qh2 Qc7 22. Ne3 h5 23. Qg3 Kh7 24. Nc4 Qd8 25. Kh2 Be7 26. Qd3 Rf8 27. Re3 Rf7 28. Rde1 Qc7 29. Bg3 Rd8 30. f4 Nd7 31. e5 fxe5 32. fxe5 Nxe5 33. Nxe5 dxe5 34. Bxe5 Bd6 35. Kh1 Rdf8 36. Bxd6 Qxd6 37. Re6 Qf4 38. Qxg6+ Kh8 39. R1e5 Qxh4+ 40. Kg1 Rf1# 0-1

[Event "Bratislava Doprastav op"]
[Site "Bratislava"]
[Date "2010.07.05"]
[Round "6"]
[White "Durovka, Stefan"]
[Black "Illovsky, Michal"]
[Result "1-0"]
[WhiteElo "1835"]
[BlackElo "1570"]
[PlyCount "63"]
[EventDate "2010.07.02"]
[EventType "swiss"]
[EventRounds "9"]
[EventCountry "SVK"]
[SourceTitle "EXT 2012"]
[Source "ChessBase"]
[SourceDate "2011.11.24"]
[SourceVersion "1"]
[SourceVersionDate "2011.11.24"]
[SourceQuality "1"]

1. Nf3 Nf6 2. Nc3 d5 3. d4 Nc6 4. Bf4 a6 5. Ne5 Bf5 6. Nxc6 bxc6 7. a3 e6 8. e3 c5 9. Bd3 Bxd3 10. Qxd3 c4 11. Qe2 c5 12. 0-0 cxd4 13. exd4 Be7 14. Be5 Qd7 15. Rfe1 0-0-0 16. b3 Qc6 17. bxc4 dxc4 18. Reb1 Bd6 19. Bxd6 Rxd6 20. Qe5 Kd7 21. Rb4 h5 22. Rab1 Rc8 23. Na4 Ke7 24. Nb6 Rb8 25. h3 Nd7 26. Qg5+ Ke8 27. d5 exd5 28. Re1+ Re6 29. Rxe6+ Qxe6 30. Nxd5 Qe1+ 31. Kh2 Rxb4 32. Nc7+ 1-0

[Event "Bratislava Doprastav op"]
[Site "Bratislava"]
[Date "2009.07.10"]
[Round "8"]
[White "Husek, Lubomir"]
[Black "Illovsky, Michal"]
[Result "1-0"]
[WhiteElo "1751"]
[BlackElo "1350"]
[PlyCount "109"]
[EventDate "2009.07.04"]
[EventType "swiss"]
[EventRounds "9"]
[EventCountry "SVK"]
[SourceTitle "EXT 2015"]
[Source "ChessBase"]
[SourceDate "2014.11.20"]
[SourceVersion "1"]
[SourceVersionDate "2014.11.20"]
[SourceQuality "1"]

1. e4 e6 2. d4 d5 3. e5 c5 4. c3 Nc6 5. Nf3 Qb6 6. a3 c4 7. Be2 f6 8. 0-0 fxe5 9. Nxe5 Nxe5 10. dxe5 Nh6 11. Qc2 Nf7 12. Bf4 Bc5 13. Nd2 0-0 14. Nf3 Bd7 15. Rae1 Be8 16. Bd1 Nd8 17. Be3 Bg6 18. Qd2 Nc6 19. Bxc5 Qxc5 20. Bc2 Bf5 21. Re3 Bxc2 22. Qxc2 Qe7 23. Rd1 Rf5 24. Nd4 Nxd4 25. Rxd4 Raf8 26. Re2 Qc7 27. Rh4 g5 28. Rh6 Qf7 29. Qd2 Kg7 30. Rh3 h5 31. Rg3 g4 32. h3 Qg6 33. Qd4 Rg5 34. Qxa7 gxh3 35. Qe3 Rff5 36. Rxg5 Rxg5 37. Qxh3 Kh6 38. Re3 Qb1+ 39. Kh2 Qg6 40. Rf3 Kg7 41. Rf6 Qe8 42. Rxe6 Qf7 43. Rf6 Qc7 44. f4 Rxe5 45. Qg3+ Kxf6 46. fxe5+ Qxe5 47. Qxe5+ Kxe5 48. Kg3 Ke4 49. Kh4 Kf4 50. Kxh5 Kg3 51. Kg5 Kxg2 52. Kf4 Kf2 53. Ke5 Ke3 54. Kxd5 Kd3 55. Kc5 1-0